[Event "Kaluga Tsiolkovsky Memorial op"]
[Site "Kaluga"]
[Date "2016.08.07"]
[Round "2"]
[White "Pafnutcheva, Irina"]
[Black "Kryukov, Valery B"]
[Result "0-1"]
[WhiteElo "1417"]
[BlackElo "1830"]
[PlyCount "88"]
[EventDate "2016.08.06"]
[EventType "swiss"]
[EventRounds "9"]
[EventCountry "RUS"]
[SourceTitle "CBM 174 Extra"]
[Source "ChessBase"]
[SourceDate "2016.10.10"]
[SourceVersion "1"]
[SourceVersionDate "2016.10.10"]
[SourceQuality "1"]

1. e4 c5 2. Nf3 Nc6 3. d3 g6 4. g3 Bg7 5. c3 Nf6 6. Be3 b6 7. Bh3 0-0 8. 0-0 d5 9. Bxc8 Qxc8 10. e5 Ng4 11. d4 Nxe3 12. fxe3 Bh6 13. Qe2 Qg4 14. Nbd2 c4 15. b3 b5 16. Qg2 Bxe3+ 17. Kh1 Qd7 18. Rae1 Bh6 19. bxc4 bxc4 20. Re2 e6 21. Qh3 Bg7 22. Ref2 Rab8 23. Nh4 Rb2 24. Ndf3 Rxf2 25. Rxf2 Qe7 26. Ng2 Rb8 27. Nge1 h6 28. Qg2 Rb1 29. Qg1 Qa3 30. Nd2 Rc1 31. Qf1 Qxc3 32. Kg2 Nd8 33. Qe2 Qxd4 34. Nef3 Qb2 35. g4 c3 36. Qa6 Qb6 37. Qxb6 axb6 38. Nb3 Rb1 39. Rf1 c2 40. Nfd2 Rxf1 41. Kxf1 Bxe5 42. Nf3 Bb2 43. a4 c1Q+ 44. Nxc1 Bxc1 0-1